000 02174nam a2200409 c 4500
999 _c73354
_d73354
003 BLK
005 20210209092551.0
008 180408b bul|||||r ||||||| ||bul||
010 _aKNG00077747000
020 _a954-426-696-8
020 _a954-426-707-7
020 _a978-954-426-707-0
040 _aBLK
041 _aBUL
_cBUL
080 _aИзобразително изкуство в основното училище
_b372.875
_x(075.2)
_z372.875(075.2)
100 1 _aЗанков, Огнян Александров
_eпърви автор
_9368793
139 _aИзобразително изкуство за V клас
_bИ 45
245 1 0 _aИзобразително изкуство за V клас
_cОгнян Александров Занков; авт. на том Олга Славова Христова.
_nКн. за учителя
257 _aBGR
260 _bАнубис
_c2006
_fПловдив : Делта +
_fЗа том: София : Вулкан
300 _c26 см
380 _a3
650 4 _aИзобразително изкуство - методика на преподаването - за основни училища
_9249251
650 4 _aИзобразително изкуство - учебници за основни училища
_9254793
653 _aизобразително изкуство
653 _aкнига за учителя
653 _aV кл.
653 _aметодика на преподаването
653 _aучебници за основни училища
700 1 _aХристова, Олга Славова
_eавт. на том
_9371520
760 1 _aЗанков, Огнян Александров
_dАнубис, 2006
_h72 с. : с табл., 24 см
_tКн. за учителя
852 _aЦб ІІ 14751
856 4 _qpdf
856 4 _qpdf
942 _cKNG
_n0
_s1
944 _aCR
_c24.08.2007
_kЦветанка_Енчева
944 _aED
_c28.01.2016
_kВиолета_Тройчева
999 _d73354